000
002780000a22001090004500
100
1
_a
Milován, Guillermo
245
1
0
_a
Niños con una misión especial
300
_a
Vol.48, núm.209 (1993), p. 10-13
650
1
4
_a
LA NIÑEZ
773
0
_t
La Biblia en las Américas
942
_c
ANA
999
_c
62898
_d
62898